| 000 | 00433cam a2200181ua 4500 | ||
|---|---|---|---|
| 020 | _c2.00 | ||
| 041 |
_ahin _h |
||
| 082 |
_a891.43 _bGOP/UR |
||
| 100 | _aGopinath, Aman . | ||
| 245 |
_aUrdu aur uska sahithya / _cGopinath Aman. _hTextual Documents |
||
| 250 |
_a1 / _b. |
||
| 260 |
_aDelhi : _bRajkamal Prakashan , _c1959. |
||
| 300 | _a128 ; . | ||
| 365 | _a2.00 | ||
| 504 | _a | ||
| 942 | _cBK | ||
| 999 |
_c11928 _d11928 |
||